Quản lý thời gian
Cuốn sách giúp bạn khai thác điểm mạnh, khắc phục điểm yếu trong kỹ năng điều hành một cách hiệu quả.
Αποθηκεύτηκε σε:
| Κύριος συγγραφέας: | |
|---|---|
| Μορφή: | Βιβλίο |
| Γλώσσα: | Undetermined |
| Έκδοση: |
Hà Nội
Lao động
2018
|
| Θέματα: | |
| Ετικέτες: |
Προσθήκη ετικέτας
Δεν υπάρχουν, Καταχωρήστε ετικέτα πρώτοι!
|
| Thư viện lưu trữ: | Trung tâm Học liệu Trường Đại học Cần Thơ |
|---|
| LEADER | 00727nam a2200205Ia 4500 | ||
|---|---|---|---|
| 001 | CTU_230317 | ||
| 008 | 210402s9999 xx 000 0 und d | ||
| 020 | |c 139000 | ||
| 082 | |a 650.1 | ||
| 082 | |b G914 | ||
| 100 | |a Guare, Richard | ||
| 245 | 0 | |a Quản lý thời gian | |
| 245 | 0 | |c Richard Guare, Peg Dawson ; Ngô Cẩm (dịch) | |
| 260 | |a Hà Nội | ||
| 260 | |b Lao động | ||
| 260 | |c 2018 | ||
| 520 | |a Cuốn sách giúp bạn khai thác điểm mạnh, khắc phục điểm yếu trong kỹ năng điều hành một cách hiệu quả. | ||
| 650 | |a Quản lý thời gian,Time management | ||
| 910 | |b dqhieu | ||
| 980 | |a Trung tâm Học liệu Trường Đại học Cần Thơ | ||